Das Strafrecht als Waffe: die Verordnung gegen Volksschädlinge vom 5.9.1939

Saved in:  
Bibliographic Details
Main Author: Werle, Gerhard 1952- (Author)
Format: Print Article
Language:German
Published: 1989
In: Juristische Schulung
Year: 1989, Volume: 29, Issue: 9, Pages: 952-958
Check availability: HBZ Gateway
Keywords:

MARC

LEADER 00000caa a2200000 c 4500
001 1623676940
003 DE-627
005 20220606131104.0
007 tu
008 080724s1989 xx ||||| 00| ||ger c
035 |a (DE-627)1623676940 
035 |a (DE-576)284252182 
035 |a (DE-599)BSZ284252182 
040 |a DE-627  |b ger  |c DE-627  |e rakwb 
041 |a ger 
100 1 |a Werle, Gerhard  |d 1952-  |0 (DE-588)115504494  |0 (DE-627)077293878  |0 (DE-576)289919479  |4 aut 
109 |a Werle, Gerhard 1952-  |a Werle, Gerchard 1952- 
245 1 4 |a Das Strafrecht als Waffe  |b die Verordnung gegen Volksschädlinge vom 5.9.1939  |c Gerhard Werle 
264 1 |c 1989 
336 |a Text  |b txt  |2 rdacontent 
337 |a ohne Hilfsmittel zu benutzen  |b n  |2 rdamedia 
338 |a Band  |b nc  |2 rdacarrier 
773 0 8 |i In  |t Juristische Schulung  |d München : Beck, 1961  |g 29(1989), 9, Seite 952-958  |w (DE-627)129393436  |w (DE-600)185187-1  |w (DE-576)014778254  |x 0022-6939  |7 nnas 
773 1 8 |g volume:29  |g year:1989  |g number:9  |g pages:952-958 
951 |a AR 
ELC |b 1 
LOK |0 000 xxxxxcx a22 zn 4500 
LOK |0 001 3252274035 
LOK |0 003 DE-627 
LOK |0 004 1623676940 
LOK |0 005 20260227103715 
LOK |0 008 131202||||||||||||||||ger||||||| 
LOK |0 040   |a DE-21-110  |c DE-627  |d DE-21-110 
LOK |0 689   |a s  |a Volksschädlingsverordnung 
LOK |0 852   |z Kein Bestand am IfK; Nachweis für KrimDok 
LOK |0 852   |a DE-21-110 
LOK |0 852 1  |m v  |9 00 
LOK |0 935   |a k110 
LOK |0 938   |k v 
LOK |0 939   |a 02-12-13  |b l01 
ORI |a WA-MARC-krimdoka001.raw